000 00709cam a2200217 a 4500
001 12256481
005 20180115043549.0
008 001213s2001 ctu 001 0 eng
010 _a 00069016
020 _a158574218X
040 _aDLC
_cDLC
_dDLC
041 _aeng
080 _aR 422 KOR
082 0 0 _aR 422 KOR
_221
100 1 _a39
101 _aEDU
245 1 0 _aCommon phrases and where they come from /
_cMyron Korach in collaboration with John B. Mordock.
906 _a7
_bcbc
_corignew
_d1
_eocip
_f20
_gy-gencatlg
942 _2ddc
_cBK
999 _c40242
_d40242